000 00631nam a2200205Ia 4500
003 IN-BaIIA
008 211028s9999 xx 000 0 eng d
040 _cIIA Library
080 _a533
_bCLE
100 _aClemmow, P. C.
_96291
245 0 _aElectrodynamics of particles and plasmas
_cClemmow P. C. and Dougherty J. P.
260 _aMassachusetts
_bAddison-Wesley
_c1969
300 _aix, 457p.
490 _aAddison-Wesley series in advanced physics
650 _aAstronomy and astrophysics thesaurus
650 _aElectrodynamics
_92319
650 _aPlasma physics
_93732
700 _aJ. P. Dougherty
_96292
942 _cBK
999 _c3555
_d3555